Welcome to the Holygrace Academy Library

Please use search bar below to get started

PHONICS (Record no. 4008)

MARC details
000 -LEADER
fixed length control field 00232nam a22001217a 4500
022 ## - INTERNATIONAL STANDARD SERIAL NUMBER
ISSN 978-81-7582-132-3
082 ## - DEWEY DECIMAL CLASSIFICATION NUMBER
Classification number 425
Item number BOO/P
245 ## - TITLE STATEMENT
Title PHONICS
260 ## - PUBLICATION, DISTRIBUTION, ETC. (IMPRINT)
Place of publication INDIA
300 ## - PHYSICAL DESCRIPTION
Number of Pages 82
650 ## - SUBJECT ADDED ENTRY--TOPICAL TERM
Topical Term VOCABULARY
Geographic subdivision INDIA
942 ## - ADDED ENTRY ELEMENTS (KOHA)
Koha item type Books
Holdings
Withdrawn status Lost status Collection code Home library Current library Shelving location Date acquired Source of acquisition Full call number Accession Number Koha item type Cost, normal purchase price
    Reference Main Library Main Library SHELF-16D -ENGLISH GRAMMAR ,POEMS 17/12/2019 PURCHASE 425 BOO/P 12396 Books  
    Reference Main Library Main Library SHELF-16D -ENGLISH GRAMMAR ,POEMS 17/12/2019 PURCHASE 425 BOO/P 12397 Books 90.00